F Subdivisions - Easy - Statistics

General Stats
  • This quiz has been taken 27 times
    9 since last reset
  • The average score is 13 of 53
Answer Stats
Hint Subdivision Type Answer % Correct
United States State Florida
88%
Uruguay Department Florida
88%
Belgium Region Flanders
75%
France Overseas Collectivity French Polynesia
75%
Portugal District Faro
63%
Denmark Autonomous Territory Faroe Islands
63%
United Kingdom Overseas Territory Falkland Islands
50%
South Africa Province Free State
50%
China Province Fujian
50%
Uruguay Department Flores
38%
Botswana City Francistown
38%
Tuvalu District Funafuti
38%
Cyprus District Famagusta
25%
Iran Province Fars
25%
Nigeria Territory Federal Capital Territory
25%
Venezuela Special Status Area Federal Dependencies
25%
Ireland County Fingal
25%
Switzerland Canton Fribourg
25%
United Arab Emirates Emirate Fujairah
25%
Japan Prefecture Fukui
25%
Japan Prefecture Fukuoka
25%
Japan Prefecture Fukushima
25%
Maldives Atoll Faadhippolhu (Lhaviyani)
13%
Samoa District Fa'asaleleaga
13%
San Marino Castelli Faetano
13%
Egypt Governorate Faiyum
13%
Venezuela State Falcón
13%
Moldova District Fălești
13%
Afghanistan Province Farah
13%
Guinea Province Faranah
13%
Cameroon Region Far North
13%
Kuwait Governorate Farwaniya
13%
Afghanistan Province Faryab
13%
Senegal Region Fatick
13%
Hungary County Fejér
13%
Maldives Atoll Felidhu (Vaavu)
13%
Uzbekistan Region Fergana
13%
Kosovo District Ferizaj
13%
Albania County Fier
13%
Norway County Finnmark
13%
San Marino Castelli Fiorentino
13%
Madagascar Region Fitovinany
13%
Moldova District Florești
13%
Argentina Province Formosa
13%
Honduras Department Francisco Morazán
13%
Italy Autonomous Region Friuli-Venezia Giulia
13%
Maldives City Fuvahmulah (Gnaviyani)
13%
Azerbaijan District Fuzuli
13%
Morocco Region Fès-Meknès
0%
Iceland Municipality Fjallabyggð
0%
Iceland Municipality Fjarðabyggð
0%
Iceland Municipality Fljótsdalshreppur
0%
Iceland Municipality Flóahreppur
0%
No matching quizzes found
Score Distribution
Percent of People with Each Score
Percentile by Number Answered
Your Score History
You have not taken this quiz since the last reset